| 000 | 00638nam a2200205 a 4500 | ||
|---|---|---|---|
| 005 | 20140414093842.0 | ||
| 008 | 081126s19uu xx 00 eng d | ||
| 050 |
_aDVD 940 _bBAT 2005 |
||
| 100 | _aWilson, David | ||
| 245 |
_aBattlefields 1942 : _cDavid Wilson. _bAlamein--Cassino / |
||
| 260 |
_aUnited Kingdom : _bBritish Broadcasting Corporation, _cc2005. |
||
| 300 | _a1 DVD, | ||
| 440 | _aBBC History of World War II | ||
| 500 | _a"2 Titles in each DVD" | ||
| 520 | _aContents: 1. Battlefield-Alamein.--2. Battlefield-Cassino. | ||
| 650 | _aWorld War II | ||
| 650 | _aDocumentary films. | ||
| 942 | _cAVM | ||
| 999 |
_c109363 _d109363 |
||